00801nam a2200229Ia 4500001000900000003000500009005001700014008004100031010001100072040000900083082002300092245016300115260004100278300003200319410002800351440007700379503000700456504002700463650002700490650002100517700003300538dia_1018CHAP20230119141907.0220117s1972 xx 000 0 und d a171567 cCHAP a338.17368 B73 1972 aObtenção de amido de mandioca (Manihot esculenta) no estado do piauí : estudo de viabilidade técnico-econômica /c Armando López Rubio...[et al.] aBrasil :b OEA :,b CETREDE,c1972 a1 v. (paginación variada) aCURSO INTERAMERICANO, 6 aPrograma Interamericano sobre Preparação e Avaliação de projetos aD. aIncluye bibliografía aAlmidónxMandioca /  aMandiocaxBrasil aLópez Rubio, Armando, aut.